000 00716nam a22002537a 4500
003 dpl
005 20170124105935.0
008 161216b xxu||||| |||| 00| 0 eng d
010 _aA-806670
020 _c00.00
_a8170173337
035 _aA-806670
037 _bCen Lib/Ret
040 _aDPL
_bEN
_cTIT
082 _a230.32
_bSAR
100 _aSaraf, D.N.
_99501
245 _aPower unlimited /
_cby D.N. Saraf
260 _aNew Delhi
_bAbhinav publications
_c1996
270 _bNew Delhi
_aE-37 Hauz khas
_e110016
300 _a393p.
_c21cm(Hb)
500 _aIncludes bibliographical references
650 _aHinduism
_991180
650 _aMiths
_99503
942 _2ddc
_cEN
_h230.32
_mSAR
999 _c124138
_d124138